| 000 | 01230cam a2200349 i 4500 | ||
|---|---|---|---|
| 001 | 768714001 | ||
| 003 | CO-MdFUSB | ||
| 005 | 20250903150337.0 | ||
| 007 | ta | ||
| 008 | 910605t1991 -us b 001 0 eng | ||
| 020 | _a0802441297 | ||
| 040 |
_aDLC _beng _cCO-MdFUSB _dBAKER _dBTCTA _dYDXCP _dOCLCO _dHNW _dOCLCQ _dOCLCA _dOCLCF _dLMR _erda |
||
| 041 | _aeng | ||
| 082 |
_223 _a222.1060 _bW853 |
||
| 100 | 1 |
_aWolf, Herbert, _d1938- _eautor |
|
| 245 | 1 | 3 |
_aAn introduction to the Old Testament Pentateuch _c/ Herbert Wolf. |
| 264 | 1 |
_aChicago, Estados Unidos : _bMoody Press, _c[1991] |
|
| 264 | 4 | _c© 1991 | |
| 300 |
_a276 páginas ; _c24 cm. |
||
| 336 |
_atexto _btxt _2rdacontent. |
||
| 337 |
_asin mediación _bn _2rdamedia. |
||
| 338 |
_avolumen _bnc _2rdacarrier. |
||
| 504 | _aIncluye referencias bibliográficas (páginas 223-261) e índices. | ||
| 505 | _aGénesis. -- Éxodo. -- Levítico. -- Números. -- Deuteronomio | ||
| 563 | _aPasta dura | ||
| 630 | 0 | 7 |
_aBiblia. _pPentateuco _xCrítica, interpretación, etc. |
| 630 | 0 | 7 |
_aBiblia. _pAntiguo Testamento _xCrítica, interpretación, etc. |
| 630 | 0 | 7 |
_aBiblia. _pAntiguo Testamento _vIntroducciones |
| 942 | _cBK | ||
| 945 | _aJTF-925 | ||
| 999 |
_c68429 _d68429 |
||